000 01883nam0a2200373 4500
001 RU\NLR\bibl\268736
005 20260405163726.0
010 _a5-7890-0161-0
_9200
021 _aRU
_b2001-64157
_93121
035 _a(NLR Aleph) 000264292
090 _a1544351
_c1544351
100 _a20020517d2001 |||y0rusy50 ca
101 0 _arus
102 _aRU
105 _aa |||||||||
200 1 _aАгрегатирование сельскохозяйственных машин
_eУчеб. пособие
_e[По специальности 171000 "С.-х. машины и оборудование"]
_fИ. А. Долгов, В. А. Мочалов
_gМ-во образования Рос. Федерации, Дон. гос. техн. ун-т
210 _aРостов н/Д
_cДГТУ
_d2001
215 _a45 с.
_cил.
_d21
320 _aБиблиогр.: с. 44
606 0 _aСельскохозяйственные машины и орудия
_jРуководства, пособия и т.п.
_xАгрегатирование
_91329813
_3RU\NLR\auth\66238040
606 0 _aСельскохозяйственные машины и орудия
_jУчебные издания для высшей школы
_xАгрегатирование
_91329813
_3RU\NLR\auth\66238040
610 0 _aСельскохозяйственные машины и орудия - Агрегатирование
675 _a631.3.06(075.8)
_v3
_zrus
686 _a68.85
_2rugasnti
686 _a40.72я73
_2rubbk
686 _aП072-082.07я73
700 1 _4070
_8rus
_7ca
_aДолгов
_bИ. А.
_f1930-
_gИгорь Асонович
_3RU\NLR\auth\7769823
_952751
701 1 _aМочалов
_bВ. А.
_gВасилий Андреевич
_4070
801 0 _aRU
_bRKP
_c20020517
_gPSBO
801 1 _aRU
_bRKP
_c20020517
801 2 _aRU
_bNLR
_c20081021
_grcr
942 _cBOOK
980 _aNB